Central Library OPAC University of Rajshahi

Love and other stories of Yokomitsu Riichi / (Record no. 23458)

MARC details
000 -LEADER
fixed length control field 01017nam a22002891i 4500
001 - CONTROL NUMBER
control field 23458
003 - CONTROL NUMBER IDENTIFIER
rucl marc code BD-RjUL
005 - DATE AND TIME OF LATEST TRANSACTION
control field 20211209000931.0
008 - FIXED-LENGTH DATA ELEMENTS--GENERAL INFORMATION
fixed length control field 140311s1974 ja c b 000 1 eng
020 ## - INTERNATIONAL STANDARD BOOK NUMBER
International Standard Book Number 0860081168 :
035 ## - SYSTEM CONTROL NUMBER
System control number (BD-RjUL)23523
040 ## - CATALOGING SOURCE
Original cataloging agency DLC
Transcribing agency DLC
Modifying agency DLC
-- BD-RjUL
Language of cataloging eng
041 1# - LANGUAGE CODE
Language code of text/sound track or separate title engund
082 00 - DEWEY DECIMAL CLASSIFICATION NUMBER
Classification number 895.634
Author mark and year RIL 1974
100 1# - MAIN ENTRY--PERSONAL NAME
Personal name Yokomitsu, Riichi,
Dates associated with a name 1898-1947.
9 (RLIN) 72248
245 10 - TITLE STATEMENT
Title Love and other stories of Yokomitsu Riichi /
Statement of responsibility, etc. Yokomitsu Riichi; translated and with an introd. by Dennis Keene.
260 ## - PUBLICATION, DISTRIBUTION, ETC. (IMPRINT)
Place of publication, distribution, etc. Tokyo :
Name of publisher, distributor, etc. University of Tokyo Press,
Date of publication, distribution, etc. c1974.
300 ## - PHYSICAL DESCRIPTION
Pagination xxii, 266 p. :
Illustrations port. (on lining papers) ;
Size 23 cm.
490 1# - SERIES STATEMENT
Series statement The Japan Foundation translation series
504 ## - BIBLIOGRAPHY, ETC. NOTE
Bibliography, etc Bibliography: p. 265-266.
600 10 - SUBJECT ADDED ENTRY--PERSONAL NAME
Personal name Yokomitsu, Riichi,
Dates associated with a name 1898-1947
General subdivision Translations into English.
651 #0 - SUBJECT ADDED ENTRY--GEOGRAPHIC NAME
Geographic name Japan
General subdivision Social life and customs
-- Fiction.
9 (RLIN) 72250
700 1# - ADDED ENTRY--PERSONAL NAME
Personal name Keene, Dennis,
942 ## - ADDED ENTRY ELEMENTS (KOHA)
Source of classification or shelving scheme Dewey Decimal Classification
Koha item type Books
Holdings
Lost status Source of classification or shelving scheme Damaged status Not for loan Collection code Permanent Location Current Location Shelving location Date acquired Source of acquisition Total Checkouts Full call number Date last seen Copy number Koha item type
  Dewey Decimal Classification   Added to bundle Non-fiction Central Library, University of Rajshahi Central Library, University of Rajshahi Reading Room 14/01/1976 Japan foundation   895.634 RIL 1974 11/03/2014 C-1 Books